Znamení ďáblovo : prosa /

Hlavní autor: Kuděj, Zdeněk Matěj, 1881-1955
Jazyk: Čeština
Vydáno: Pacov : Přemysl Plaček, 1918
Edice: Ve vlaku
Fyzický popis: 72 s. ; 8°
Knihy
Uloženo v:
LEADER 00649nam a22002412a 4500
001 000435110
003 CZ BrMZK
005 20110618100157.0
007 ta
008 980105s1918 xr f cze d
015 |a cnb000579414 
040 |a ABA001  |b cze  |c LIA001  |d ABA001 
100 1 |a Kuděj, Zdeněk Matěj,  |d 1881-1955  |7 jk01070621  |4 aut 
245 1 0 |a Znamení ďáblovo :  |b prosa /  |c MgPh. Zdeněk Matěj Kuděj 
260 |a Pacov :  |b Přemysl Plaček,  |c 1918 
300 |a 72 s. ;  |c 8° 
490 1 |a Ve vlaku ;  |v 2 
505 2 |a Záhadný lékař 
830 0 |a Ve vlaku  |0 s 
910 |a BOA001  |b 1-0045.348,2 
990 |a BK 
993 |a Y 
991 |b 201106